DAWN OF A NEW VIBRANT INDIA (Record no. 9029)

MARC details
000 -LEADER
fixed length control field 00408nam a22001577a 4500
005 - DATE AND TIME OF LATEST TRANSACTION
control field 20260105115151.0
008 - FIXED-LENGTH DATA ELEMENTS--GENERAL INFORMATION
fixed length control field 260105b |||||||| |||| 00| 0 eng d
020 ## - INTERNATIONAL STANDARD BOOK NUMBER
ISBN 9788191083330
041 ## - LANGUAGE CODE
Language code of text/sound track or separate title eng
100 ## - MAIN ENTRY--AUTHOR NAME
Personal name ARORA,Dr. VINAY RAI AND RAI,VINAY Dr.
245 ## - TITLE STATEMENT
Title DAWN OF A NEW VIBRANT INDIA
250 ## - EDITION STATEMENT
Edition statement 1st E.d
260 ## - PUBLICATION, DISTRIBUTION, ETC. (IMPRINT)
Place of publication NEW DELHI
Name of publisher PERFECT PUBLICATION
Year of publication 2014
300 ## - PHYSICAL DESCRIPTION
Number of Pages 205
942 ## - ADDED ENTRY ELEMENTS (KOHA)
Koha item type Books
Holdings
Lost status Damaged status Home library Current library Date acquired Source of acquisition Accession Number Koha item type
    JRU Library JRU Library 05/01/2026 DONATED 0091/D Books